000 00575nam a2200241 a 4500
001 nice12345678
003 IN_TiNIC
005 20260116011426.0
008 050524s1937 laha grs 000 0 49g
020 _a
_c100
082 0 0 _a224
_bTAJ
100 _aTaj, Fazl S Singh
245 _aYousuf Ghulam
260 _aLahore
_bPunjab Religious Booksociety
_c1937
300 _a114p
500 _aincludes index and biblioraphy
505 2 _areference
650 _aBible-Prophets
700 1 _aTaj, Fazl S Singh
902 _bSRS
942 _cPS
999 _c1415
_d1415